लोड हो रहा है...

Modern dictionary of aeronautical engineering Comprehensive all illustrated encyclopaedic dictionary /

ग्रंथसूची विवरण
अन्य लेखक: Bhatia , A. S. (संपादक)
स्वरूप: Printed Book
भाषा:Undetermined
प्रकाशित: New Delhi : Deep & Deep Publications Pvt Ltd , 2008.
विषय:
LEADER 00655nam a2200169Ia 4500
001 158406
008 170722s9999 xx 000 0 und d
020 |a 8176299448 
245 |a Modern dictionary of aeronautical engineering  |b Comprehensive all illustrated encyclopaedic dictionary / 
260 |a New Delhi :  |b Deep & Deep Publications Pvt Ltd ,  |c 2008. 
300 |a 907 p. 
653 |a Aeronautical Engineering 
700 |a Bhatia , A. S.  |e editor. 
923 |d 20080818  |n 857 
942 |c REF 
999 |c 137177  |d 137177 
952 |0 0  |1 0  |4 0  |6 D_53K_P8R  |7 0  |8 R  |9 193641  |a LIB  |b LIB  |d 2013-03-25  |e Penta Book Distributors  |o D53k P8(R)  |p 267698  |r 2017-08-12  |v 3650.00  |w 2017-08-12  |y REF